| 000 | 01120nac a22003617a 4500 | ||
|---|---|---|---|
| 001 | BR2015007189 | ||
| 003 | BR-BrBNA | ||
| 005 | 20240105124031.0 | ||
| 008 | 230509b bl.|||m| |||| 00| 0 por d | ||
| 040 |
_aBR-BrBNA _bpor _cBiblioteca Nacional de Agricultura |
||
| 072 | _aF01; F08; H10 | ||
| 090 | _a1300 BR2015007189 | ||
| 100 | 1 | _aMichereff Filho, M. | |
| 100 | 1 | _aResende, F.V. | |
| 100 | 1 | _aVidal, M.C. | |
| 100 | 1 | _aGuimarães, J.A. | |
| 100 | 1 | _aMoura, A.P. de | |
| 100 | 1 | _aSilva, P.S. da | |
| 100 | 1 | _aReyes, C.P. | |
| 110 | 1 | _aEMBRAPA Hortaliças, Brasília, DF (Brasil) | |
| 245 | 1 | _aManejo de pragas em hortaliças durante a transição agroecológica | |
| 260 | 3 |
_aBrasília, DF (Brasil): _c2013 . |
|
| 300 | _a16 p. | ||
| 490 |
_aCircular Técnica - EMBRAPA Hortaliças (Brazil) _vno. 119 _xISSN 1415-3033 |
||
| 500 | _a21 illus.; 13 ref. | ||
| 650 | _aHORTALIÇA | ||
| 650 | _aAGRICULTURA ORGÂNICA | ||
| 650 | _aPRAGA DE PLANTA | ||
| 650 | _aECOLOGIA VEGETAL | ||
| 650 | _aPRODUÇÃO ORGÂNICA | ||
| 909 |
_a202312 _bLúcia Elande _c55 _dLúcia Elande |
||
| 942 |
_2AGRIS _n0 _cMS |
||
| 999 |
_c298072 _d298072 |
||